| 000 | 00490 a2200121 4500 | ||
|---|---|---|---|
| 001 | ART_56379 | ||
| 005 | 20260410161609.0 | ||
| 008 | 260409a | ||
| 245 | 1 | 0 | _aResolución técnica 53. Normas de Auditoría, Revisión, Otros Encargos de Aseguramiento, Certificaciones, Servicios Relacionados e Informes de Cumplimiento |
| 100 | 1 | _aOubiña, Gabriel H. | |
| 700 | 1 | _aFaccendini, Yanina C. | |
| 773 | 0 |
_tProfesional & Empresaria _g- Año XXIII, Nº 273 (jun. 2022) _wREV70 |
|
| 999 |
_c10488 _d10488 |
||